Residential sales (Record no. 83701)

MARC details
000 -LEADER
fixed length control field 01182cad a22002055a 4500
001 - CONTROL NUMBER
control field L154656
008 - FIXED-LENGTH DATA ELEMENTS--GENERAL INFORMATION
fixed length control field 120110e20111208xxk 000 0 eng d
035 ## - SYSTEM CONTROL NUMBER
System control number (Sirsi) u154656
041 0# - LANGUAGE CODE
Language code of text/sound track or separate title eng
110 2# - MAIN ENTRY--CORPORATE NAME
Corporate name or jurisdiction name as entry element Savills
9 (RLIN) 2020
245 00 - TITLE STATEMENT
Title Residential sales
Medium [electronic resource]
260 ## - PUBLICATION, DISTRIBUTION, ETC.
Place of publication, distribution, etc. Singapore
Date of publication, distribution, etc. Savills
Name of publisher, distributor, etc. 2011
490 ## - SERIES STATEMENT
Series statement Savills Research Singapore Residential Sales
Volume/sequential designation 8 December 2011.
520 ## - SUMMARY, ETC.
Summary, etc. The residential property market in Singapore has become increasingly cautious as new home sales fell by 15% month-on-month in October 2011. New property measures have been imposed to curb rising investment demand and foreigner home ownership. Prices of new mass-market and mid-tier homes may continue to edge-up by a further 8% to 10% in 2012, while prices for high-end homes may hold steay in 2012. Macro-economic challenges in the United States and Europe continue to weigh on market sentiment.
590 ## - LOCAL NOTE (RLIN)
Local note KA
651 #4 - SUBJECT ADDED ENTRY--GEOGRAPHIC NAME
Geographic name Singapore
690 ## - LOCAL SUBJECT ADDED ENTRY--TOPICAL TERM (OCLC, RLIN)
Topical term or geographic name as entry element PROPERTY-RESIDENTIAL PROPERTY-RESIDENTIAL PROPERTY MARKET
856 40 - ELECTRONIC LOCATION AND ACCESS
Uniform Resource Identifier <a href="https://www.pdf.savills.asia/singapore-residential/sg-resisales-q4-2011.pdf">https://www.pdf.savills.asia/singapore-residential/sg-resisales-q4-2011.pdf</a>
Public note View this item free of charge at pdf.savills.asia
942 ## - ADDED ENTRY ELEMENTS (KOHA)
Suppress in OPAC 0
Holdings
Withdrawn status Lost status Source of classification or shelving scheme Damaged status Not for loan Home library Current library Shelving location Date acquired Total Checkouts Full call number Barcode Date last seen Copy number Price effective from Koha item type
    Dewey Decimal Classification     Virtual Virtual Online 10/01/2012   ONLINE PUBLICATION 154656-2001 06/08/2019 1 06/08/2019 Journal article